00433nam a2200145Ia 450000500170000000800410001702000180005808200220007610000350009824500890013325000110022226000330023330000120026644000090027820241015141504.0240126s9999 xx 000 0 und d a9781484284803 a629.892 JOS;1 R aJoseph, Lentin. Johny, Aleena. 0aRobot operating system (ROS) for absolute beginners : robotics programming made easy a2nd ed bApress MediaaNew Yorkc2022 axv, 283 aNULL